000 00761nam a2200229 i 4500
001 51848
003 ES-MaACL
005 20240225063049.0
007 t|
008 030820s1921 sp ||||1| spa d
080 _a821.134.2(728.5)-14"18"
080 _a929 Alfonso (460) XIII
100 1 _aDarío, Rubén,
_d1867-1916
_942720
245 1 0 _aAlfonso XIII y sus primeras notas /
_cRubén Dario.
260 _aMadrid :
_b[s.n.],
_c1921 (
_fImp. G. Hernández y Galo Saez)
300 _a220 p. con 4 lám. ;
_c19 cm.
490 1 _aObras completas de Rubén Darío ;
_v1
600 0 4 _aAlfonso
_bXIII,
_cRey de España
_9235132
830 0 _aObras completas de Rubén Darío ;
_v1
_9230188
852 _aES-MaACL
_jB-4243
999 _c51848
_d51848